000 00304nam a2200121Ia 4500
008 241015s9999 xx 000 0 und d
041 _aeng
082 _a657.3 PRA
100 _aPrasad
245 _aFundamentals Of Business Analytics
260 _bWiley India
_aNew Delhi
_c2016
300 _a403;. P. 23 cm
999 _c41855
_d41855